| 000 | 01468nam0a22003011 4500 | ||
|---|---|---|---|
| 001 | rc\4056516 | ||
| 005 | 20130415145505.5 | ||
| 021 |
_aRU _b[47-15191] |
||
| 035 | _a(NLR Aleph) 008109668 | ||
| 090 |
_a9296057 _c9296057 |
||
| 100 | _a20130415d1947 |||y0rusy50 ca | ||
| 101 | 0 | _arus | |
| 102 | _aRU | ||
| 105 | _aa z ||||| | ||
| 200 | 1 |
_aТонкая очистка генераторного газа из полукокса растительными волокнами _fМ-во автомобил. пром-сти СССР. Гос. ордена Труд. красного знамени науч.-исслед. автомобил. и автомотор. ин-т "НАМИ". Газогенератор. отд. |
|
| 210 |
_aМосква _cСветогр. Госздравпроекта _d1947 _gТип. НАМИ |
||
| 215 |
_a15 с. _cчерт. _d29 |
||
| 300 | _aАвт. указан в конце текста: М.С. Коренев | ||
| 300 | _aСветогр. изд. | ||
| 333 | _aНа правах рукописи | ||
| 606 |
_aГенераторный газ _xОчистка _2psbo |
||
| 700 | 1 |
_aКоренев _bМ. С. _gМихаил Сергеевич |
|
| 712 | 0 | 2 |
_aНаучно-исследовательский автомобильный и автомоторный институт _cМосква _3RU\NLR\AUTH\889931479 |
| 801 | 0 |
_aRU _bNLR _gpsbo |
|
| 801 | 1 |
_aRU _bELAR _2rusmarc |
|
| 852 |
_aNLR _jТ14 Г-8/122 |
||
| 942 | _cBOOK | ||
| 980 | _aNB | ||